000 00759nam a2200205Ii 4500
003 JO-AjNU
008 230605s9999||||xx |||||||||||||| ||und||
017 _a1988/15/3
040 _aJO-AjNU
_bara
_erda
_cJO-AjNU
041 _aara
050 1 4 _aHF5437.S2488.1988
100 3 _aاحمد،سعيد مجيد/ناصر روفائيل بطرس,
_eauthor
_916055
245 0 0 _aمشتريات المستشفيات
264 3 1 _aبغداد:وزارة التعليم العالي والبحث العلمي ،1988
300 _a415ص
_bيحتوي على ببلوغرافية من ص399-415ص
336 _atext
_btxt
_2rdacontent
337 _aunmediated
_bn
_2rdamedia
338 _avolume
_bnc
_2rdacarrier
650 4 _aالمشتريات-المستشفيات
_916056
999 _aA4674
_c8242
_d8242